Library Banner

The red fugitive (Record no. 77236)

MARC details
000 -LEADER
fixed length control field 00362nam a22001457a 4500
005 - DATE AND TIME OF LATEST TRANSACTION
control field 20151012104433.0
008 - FIXED-LENGTH DATA ELEMENTS--GENERAL INFORMATION
fixed length control field 151012b xxu||||| |||| 00| 0 eng d
040 ## - CATALOGING SOURCE
Transcribing agency PK-LaUMT
082 ## - DEWEY DECIMAL CLASSIFICATION NUMBER
Classification number KHC 305.5633
Item number SET-R
100 ## - MAIN ENTRY--PERSONAL NAME
Personal name Seth H.L
245 ## - TITLE STATEMENT
Title The red fugitive
Statement of responsibility, etc H.L. Seth
260 ## - PUBLICATION, DISTRIBUTION, ETC. (IMPRINT)
Place of publication, distribution, etc Karachi
Name of publisher, distributor, etc Indian printing works
Date of publication, distribution, etc 1946
300 ## - PHYSICAL DESCRIPTION
Extent 163 p.
942 ## - ADDED ENTRY ELEMENTS (KOHA)
Koha item type Books
Holdings
Withdrawn status Lost status Damaged status Home library Current library Date acquired Full call number Barcode Date last seen Price effective from Koha item type
      UMT Main Campus UMT Main Campus 2015-10-12 KHC 305.5633 SET-R 91744 2015-10-12 2015-10-12 Books